Generator Puzzle #14 - Statistics

General Stats
  • This quiz has been taken 1,492 times
    1,420 since last reset
  • The average score is 15 of 21
Answer Stats
Answer % Correct
Bird's home Nest
98%
Invited visitor Guest
95%
Hospital caregiver Nurse
95%
Pierced by a bee Stung
94%
Physically powerful Strong
88%
French currency Euro
85%
Red, in French Rouge
85%
Fictional tale Story
84%
Pearl-bearer Oyster
83%
Pig's nose Snout
83%
Mouth organ? Tongue
83%
____ de France Tour
79%
Stretcher on wheels Gurney
65%
Windy, breezy Gusty
65%
An act of going in Entry
59%
Caviar fish Sturgeon
58%
City in Homer's Iliad Troy
52%
Critical, high-priority Urgent
50%
Soldier standing guard Sentry
43%
Historic capital of Normandy Rouen
13%
9-Letter Word YOUNGSTER
12%
No matching quizzes found
Score Distribution
Percent of People with Each Score
Percentile by Number Answered
Your Score History
You have not taken this quiz since the last reset